Around the Coast of the World Quiz Stats

 Plays Quiz Updated May 12, 2013

Challenge
Share
Tweet
Score 0/141 Timer 15:00
0 Plays Today
Country % Correct
Belgium
100%
Netherlands
90.9%
Germany
88.7%
Denmark
86.1%
Poland
74.9%
Germany
73.6%
Russia
72.9%
Latvia
72.3%
Norway
72.1%
Lithuania
72.1%
Estonia
72.1%
Russia
72%
Finland
71.9%
Sweden
71.9%
Russia
71.6%
China
70.1%
South Korea
70%
North Korea
69.8%
Vietnam
68.7%
Thailand
67.9%
Cambodia
67.9%
North Korea
67.1%
India
66.6%
Pakistan
66.2%
Iran
65.6%
Malaysia
65.5%
Iraq
65.4%
Bangladesh
65.2%
Myanmar
64.8%
Kuwait
64.6%
Saudi Arabia
64.6%
Qatar
63.6%
United Arab Emirates
63.6%
Thailand
63.4%
Saudi Arabia
63.3%
Oman
63.2%
Saudi Arabia
61.8%
Yemen
61.7%
Egypt
61.4%
Israel
60.1%
Somalia
60.1%
South Africa
59.7%
Jordan
59.6%
Eritrea
59.5%
Oman
59.5%
Sudan
59.4%
Kenya
59.3%
Country % Correct
Djibouti
59.3%
United Arab Emirates
59.1%
Tanzania
59%
Mozambique
58.9%
Namibia
58.7%
Angola
58.5%
Democratic Republic of the Congo
57%
Morocco
54.4%
Togo
54.4%
Nigeria
54.2%
Cameroon
54.1%
Cote d'Ivoire
54%
Benin
54%
Ghana
53.9%
Liberia
53.4%
Equatorial Guinea
53.3%
Gabon
53.3%
Libya
53.1%
Tunisia
53.1%
Egypt
53%
Algeria
53%
Senegal
52.9%
Sierra Leone
52.6%
Guinea
52.4%
Gambia
52.3%
Republic of the Congo
52.3%
Turkey
52.2%
Mauritania
52.1%
Spain
52.1%
Senegal
52%
Morocco
52%
Guinea-Bissau
51.9%
Israel
51.9%
Lebanon
51.4%
Morocco
51.3%
Syria
51.3%
Spain
50.8%
Angola
50.7%
Palestine
49.9%
Greece
49.4%
Albania
47.8%
Italy
47.7%
France
46.7%
Spain
46.7%
Monaco
46.6%
Georgia
46.6%
Montenegro
46.4%
Country % Correct
Russia
46.3%
Ukraine
46.3%
France
46%
Bulgaria
46%
Brazil
46%
Romania
45.8%
France (you are now in French Guiana)
45.8%
Portugal
45.7%
Spain
45.5%
Argentina
45.5%
Chile
45.5%
Croatia
45.5%
Croatia
45.5%
Slovenia
45.5%
Peru
45.3%
Turkey
45.3%
Uruguay
45.2%
Canada
45.2%
Ecuador
44.9%
Spain
44.8%
Bosnia and Herzegovina
44.7%
Colombia
44.7%
United States
44.7%
Panama
44.4%
Mexico
44.2%
United States
43.9%
Costa Rica
43.6%
Mexico
43.5%
United States
43.4%
United Kingdom
43.1%
Nicaragua
43.1%
Canada
43.1%
Canada
43.1%
United States
43%
Honduras
42.5%
El Salvador
42.3%
Belize
42.3%
Guatemala
42.1%
Guatemala
41.3%
Honduras
41%
Panama
40.7%
Nicaragua
40.6%
Costa Rica
40.3%
Colombia
40.2%
Venezuela
40%
Guyana
39.5%
Suriname
39.4%

You're not logged in!

Compare scores with friends on all Sporcle quizzes.
OR
Log In

You Might Also Like...

Show Comments

Extras

Top Quizzes Today


Score Distribution

Your Account Isn't Verified!

In order to create a playlist on Sporcle, you need to verify the email address you used during registration. Go to your Sporcle Settings to finish the process.

Report this User

Report this user for behavior that violates our Community Guidelines.

Details: